Controlling potrebuje kvalitný reporting, ide však ďalej

Aplikácia controllingu môže trvať celé roky. Charakteristika controllingu. Najznámejšou controllingovou metódou je ABC - Activity Based Costing, čiže priradenie nákladov k procesom. Problémom vo firmách, ktoré sa pokúšajú o controlling, býva komunikácia. Od reportingu ku controllingu. Uplatňovanie c...

Description complète

Enregistré dans:
Détails bibliographiques
Auteur principal: Kampová, Slávka
Format: Chapitre de livre
Langue:slovaque
Sujets:
Tags: Ajouter un tag
Pas de tags, Soyez le premier à ajouter un tag!

MARC

LEADER 00000naa$a2200000$$$4500
001 0008725
005 20231009074526.3
041 0 |a slo 
044 |a SK 
245 1 0 |a Controlling potrebuje kvalitný reporting, ide však ďalej  |c aut. Slávka Kampová 
520 |a Aplikácia controllingu môže trvať celé roky. Charakteristika controllingu. Najznámejšou controllingovou metódou je ABC - Activity Based Costing, čiže priradenie nákladov k procesom. Problémom vo firmách, ktoré sa pokúšajú o controlling, býva komunikácia. Od reportingu ku controllingu. Uplatňovanie controllingu v Slovenskej Grafii, a.s. Bratislava - skúsenosti. 
610 2 0 |a kontroling 
610 2 0 |a reporting 
610 2 0 |a metódy 
610 2 0 |a komunikácia 
610 2 0 |a firmy 
610 2 0 |a náklady 
610 2 0 |a metóda ABC 
100 1 |a Kampová, Slávka